000 00493nam a2200217Ia 4500
003 OSt
005 20220916111045.0
006 a|||||r|||| 00| 0
007 ta
008 220915b |||||||| |||| 00| 0 ori d
024 _a245071
037 _cTextbook
040 _bORI
_aARTS
_cARTS
041 _aORI
082 _aO1591vN
245 0 _aHistory of oriya literature
260 _c1976
300 _a277p.
_ccm.
942 _hO1591vN
_cTB
_2CC
999 _c104739
_d104739